| 000 | 00680pam a2200241 a 4500 | ||
|---|---|---|---|
| 001 | 3770224 | ||
| 003 | OSt | ||
| 005 | 20180116183027.0 | ||
| 008 | 830414s1983 nyu 000 1 eng | ||
| 010 | _a 83047870 | ||
| 020 | _a0670492353 | ||
| 040 |
_aDLC _cDLC _dDLC |
||
| 050 | 0 | 0 |
_aPS3557.O315 _bM7 1983 |
| 082 | 0 | 0 |
_a813.54 GOD 1983 _219 |
| 100 | 1 | _aGodwin, Gail. | |
| 245 | 1 | 0 |
_aMr. Bedford and the Muses _cby Gail Godwin. |
| 260 |
_aNew York : _bViking Press, _c1983. |
||
| 300 |
_a236 p. ; _c24 cm. _bPB |
||
| 440 | _aMr. Bedford and the Muses | ||
| 740 | 0 | _aMister Bedford and the muses. | |
| 906 |
_a7 _bcbc _corignew _d1 _eocip _f19 _gy-gencatlg |
||
| 942 |
_2ddc _cBK |
||
| 999 |
_c350862 _d350862 |
||